القواعد الفقهية المختصة بمقومات الحكم القضائي وتطبيقاتها في القضاء الشرعي الأردني : دراسة مقارنه /
Saved in:
| Main Author: | |
|---|---|
| Other Authors: | |
| Format: | Thesis |
| Language: | Arabic |
| Published: |
'Amman :
al-Jami'ah al-Urduniyah,
2005
|
| Subjects: | |
| Tags: |
Add Tag
No Tags, Be the first to tag this record!
|
| LEADER | 017970000a22003010004500 | ||
|---|---|---|---|
| 008 | 130206s2005 jo f m 000 0 ara d | ||
| 040 | |a UIAM |b eng | ||
| 041 | |a ara | ||
| 050 | |a KMM228 | ||
| 100 | 1 | |a زعبي، محمد يونس فالح | |
| 242 | 1 | 3 | |a al-Qawa'id al-fiqhiyah al-mukhtassah bi-muqawwamat al-hukm al-qada'i wa-tatbiqatuha fi-al-qada' al-shar'i al-Urduni : |b dirasah muqaranah |
| 245 | 1 | 2 | |a القواعد الفقهية المختصة بمقومات الحكم القضائي وتطبيقاتها في القضاء الشرعي الأردني : |b دراسة مقارنه / |c إعداد محمد يونس فالح الزعبي؛ المشرف عباس أحمد الباز، المشرف المشارك زياد صبحي ذياب |
| 260 | |a 'Amman : |b al-Jami'ah al-Urduniyah, |c 2005 | ||
| 300 | |a xvi, 350 leaves ; |c 30 cm. | ||
| 500 | |a "قدمت هذه الأطروحة استكمالا لمتطلبات الحصول على درجة الدكتوراه في القضاء الشرعي، كلية الدراسات العليا في الجامعة الاردنية" --On t.p. | ||
| 500 | |a Abstract in English and Arabic. | ||
| 502 | |a Thesis (Ph. D.)--al-Jami'ah al-Urduniyah, 2005. | ||
| 504 | |a Includes bibliographical references (leaves 322-342) and index. | ||
| 596 | |a 1 | ||
| 650 | 0 | |a Judicial process (Islamic law) | |
| 650 | 0 | |a Islamic law |x Interpretation and construction | |
| 650 | 0 | |a Courts of special jurisdiction | |
| 650 | 0 | |a Judicial process |z Jordan | |
| 655 | |a Theses, Facsimile edition (Islamic) | ||
| 700 | |a Zu'bi, Muhammad Yunus Falih | ||
| 900 | |a arf-lfr | ||
| 999 | |c 435339 |d 466395 | ||
| 952 | |0 0 |6 TI BP 000158.3 A11 Z93Q 2005 |7 0 |8 THESES |9 752485 |a IIUM |b IIUM |c MULTIMEDIA |g 380.00 |o ti BP 158.3 A11 Z93Q 2005 |p 00011221444 |r 2017-10-23 |t 1 |v 380.00 |y THESIS | ||
